000 00281nam a22001337a 4500
008 171124b xxu||||| |||| 00| 0 eng d
020 _a0534564674
041 _aeng
080 _28TH
_a612.39
100 _a10
101 _aNUT
245 _aNUTRITION
_cSIZER,F
942 _2udc
_cBK
999 _c38463
_d38463